logo

Bir Sreshtho Munshi Abdur Rouf Library
Jhenaidah Cadet College

মুমিনের পাথেয় / (Record no. 12407)

MARC details
000 -LEADER
fixed length control field 00917nam a2200253 a 4500
001 - CONTROL NUMBER
JCCL Control Number 12407
003 - CONTROL NUMBER IDENTIFIER
JCCL marc code BD-JhCC
005 - DATE AND TIME OF LATEST TRANSACTION
control field 20220206123226.0
008 - FIXED-LENGTH DATA ELEMENTS--GENERAL INFORMATION
fixed length control field 220206b2020 bg |||| ||a| 000 0 ben d
020 ## - INTERNATIONAL STANDARD BOOK NUMBER
International Standard Book Number 9789848041734
035 ## - SYSTEM CONTROL NUMBER
system control number (BD-JhCC)12407
040 ## - CATALOGING SOURCE
Original cataloging agency BD-JhCC
Modifying agency BD-JhCC
041 ## - LANGUAGE CODE
Language code of Book Bengali
082 ## - DEWEY DECIMAL CLASSIFICATION NUMBER
Classification number 297.83
Author mark and Year MUB 2020
100 ## - MAIN ENTRY--PERSONAL NAME
Personal name মুবারক,ইমাম আবদুল্লাহ ইবনুল
245 ## - TITLE STATEMENT
Title মুমিনের পাথেয় /
Statement of responsibility, etc ইমাম আবদুল্লাহ ইবনুল মুবারক, অনু: আবদুস সাত্তার আইনী।
260 ## - PUBLICATION, DISTRIBUTION, ETC. (IMPRINT)
Place of publication, distribution, etc ঢাকা :
Name of publisher, distributor, etc মাকতাবাতুল বায়ান;
Date of publication, distribution, etc ২০২০.
300 ## - PHYSICAL DESCRIPTION
Pagination 248 p. :
Dimensions 22 cm.
650 ## - SUBJECT ADDED ENTRY--TOPICAL TERM
Topical term or geographic name as entry element Dawah (Islam)
650 ## - SUBJECT ADDED ENTRY--TOPICAL TERM
Topical term or geographic name as entry element Muslims
700 ## - ADDED ENTRY--PERSONAL NAME
Personal name আইনী,আবদুস সাত্তার
942 ## - ADDED ENTRY ELEMENTS (KOHA)
Source of classification or shelving scheme Dewey Decimal Classification
Koha item type Books
Holdings
Source of classification or shelving scheme volume number Damaged status Not for loan Home library Current library Shelving location Date of accession Cost, normal purchase price Total Checkouts Full call number Barcode Date last seen Date checked out Copy number Koha item type
Dewey Decimal Classification V-1     JCC Rouf Library JCC Rouf Library General Stacks 06/15/2021 263.00 3 297.83 MUB 2020 16999 04/28/2025 02/02/2025 C-1 Books
Dewey Decimal Classification V-2     JCC Rouf Library JCC Rouf Library General Stacks 06/15/2021 263.00 4 297.83 MUB 2020 17000 02/27/2025 02/20/2025 C-1 Books

JCC Library | Contacts | JCC Home

Last Update on 23 September 2017
Copyright @ 2017-2020 JCC Rouf Library
Rouf Library, Jhenidah Cadet College (JCC), Bangladesh